Christian Singers and Bands by Song - Statistics

General Stats
  • This quiz has been taken 68 times
  • The average score is 13 of 35
Answer Stats
Song Artist Type % Correct
Speak Life TobyMac Singer
68%
Holy Forever Chris Tomlin Singer
62%
Reckless Love Cory Asbury Singer
58%
Truth Be Told Matthew West Singer
57%
Hills and Valleys Tauren Wells Singer
57%
We Believe Newsboys Band
55%
House of the Lord Phil Wickham Singer
55%
Thank God I Do Lauren Daigle Singer
53%
Chain Breaker Zach Williams Singer
53%
Dead Man Walking Jeremy Camp Singer
51%
10,000 Reasons (Bless the Lord) Matt Redman Singer
51%
Sunday Sermons Anne Wilson Singer
49%
Grace Got You MercyMe Band
47%
Run Devil Run Crowder Singer
43%
Overcomer Mandisa Singer
43%
Praise Him Anywhere Brandon Lake Singer
40%
In Jesus Name (God of Possible) Katy Nichole Singer
36%
In the Eye of the Storm Ryan Stevenson Singer
36%
Brother Needtobreathe Band
34%
Brighter Days Blessing Offor Singer
32%
Love God Love People Danny Gokey Singer
28%
Overwhelmed Big Daddy Weave Band
26%
Gold Britt Nicole Singer
26%
Armies KB Rapper
26%
Big God Terrian Singer
26%
Magnify We Are Messengers Band
26%
You Can't Stop Me Andy Mineo Rapper
25%
Ceasefire For King and Country Band
23%
See Me Through It Brandon Heath Singer
21%
Next to Me Jordan Feliz Singer
21%
Walking Free Micah Tyler Singer
21%
Bulletproof Citizen Way Band
19%
Native Tongues Switchfoot Band
15%
OTHERSIDE Hulvey Rapper
13%
Alone Hollyn Singer
11%
No matching quizzes found
Score Distribution
Percent of People with Each Score
Percentile by Number Answered
Your Score History
You have not taken this quiz